000 00482nam a2200193Ia 4500
008 170918s9999 xx 000 0 und d
020 _a7807300350
050 _bT365 1993
100 _aThaler, Mike
245 4 _aThe principal from the black lagoon /
245 _cMike Thaler ; pictures by Jared Lee.
260 _aNew York :
260 _bScholastic,
260 _c1993
300 _aunpaged :
300 _bcolored illustration ;
300 _c20cm.
500 _a330
999 _c341196
_d341196